000
00284nam a2200097Ia 4500
008
230907s9999||||xx |||||||||||||| ||und||
082
_a
3.3
_b
INF
245
0
_a
Informing energy and climate policies using energy systems models :
260
_a
Springer:
_b
Switzerland;
_c
2015
942
_c
BK
999
_c
597562
_d
597562